000 01289cam a22003374a 4500
001 12042149
003 OSt
005 20211102121339.0
008 000615s2001 flua b 001 0 eng
010 _a 00056415
020 _a9780849309014
038 _akhadija
040 _aDLC
_cDLC
_dDLC
042 _apcc
050 0 0 _aTJ175
_b.T78 2001
082 0 0 _a621.811
_221
_bTSA
100 1 _aTsai, Lung-Wen.
_983653
245 1 0 _aMechanism design :
_benumeration of kinematic structures according to function /
_cLung-Wen Tsai.
260 _aBoca Raton, FL :
_bCRC Press,
_cc2001.
300 _axv, 311 p. :
_bill. ;
_c25 cm.
490 1 _aMechanical engineering series
504 _aIncludes bibliographical references and index.
563 _aHardcover
650 0 _aMachinery, Kinematics of.
_940636
650 0 _aMachine design.
_918984
830 0 _aAdvanced topics in mechanical engineering series.
_983654
856 4 2 _3Publisher description
_uhttp://www.loc.gov/catdir/enhancements/fy0646/00056415-d.html
906 _a7
_bcbc
_corignew
_d1
_eocip
_f20
_gy-gencatlg
942 _2ddc
_cBK
999 _c32441
_d32441